000 00470nam a2200181Ia 4500
008 230524s9999 xx 000 0 und d
020 _a9788120350298
082 _bKUS
100 _aDharmender Singh Kushwaha
_942682
245 0 _aData Structures : A Programming Approach with C
250 _a2
260 _aNew Delhi
_bPHI
300 _a"XIII,716p;"
500 _aQuantity Number: 1
650 _aComp-Sc
700 _a Arun Kumar Misra
_942683
942 _cBK
999 _c57673
_d57673